[Event "St Jean op"]
[Site "St Jean sur Richelieu"]
[Date "2004.06.26"]
[Round "2"]
[White "Lemieux, Francois"]
[Black "Gangnier, Gary"]
[Result "1-0"]
[WhiteElo "1149"]
[BlackElo "1027"]
[PlyCount "65"]
[EventDate "2004.06.??"]
[EventType "swiss"]
[EventRounds "5"]
[EventCountry "CAN"]
[SourceTitle "EXT 2006"]
[Source "ChessBase"]
[SourceDate "2005.11.24"]
[SourceVersion "1"]
[SourceVersionDate "2005.11.24"]
[SourceQuality "1"]

1. e4 Nf6 2. Nc3 e6 3. Nf3 c5 4. Bb5 Be7 5. e5 Nd5 6. Ng5 0-0 7. d3 Bxg5 8. Qh5 Bxc1 9. Rxc1 a6 10. Ba4 Qc7 11. Ne4 Nf4 12. Qg5 Qd8 13. c3 Nxd3+ 14. Ke2 Nxe5 15. Qxe5 d5 16. Rhd1 b5 17. Bc2 f6 18. Qh5 g6 19. Qh6 Nc6 20. Nxc5 d4 21. Rd3 e5 22. Rg3 f5 23. Rh3 Rf7 24. Rd1 Qd5 25. Bb3 Ne7 26. Bxd5 Nxd5 27. Kf1 Raa7 28. cxd4 Rac7 29. Re1 e4 30. f3 f4 31. Rxe4 Bxh3 32. Re8+ Rf8 33. Rxf8# 1-0